| 000 | 01190nam a22002537a 4500 | ||
|---|---|---|---|
| 005 | 20170124103118.0 | ||
| 010 | _aB-152796 | ||
| 020 |
_c400.00 _a8171380735 |
||
| 035 | _aB-152796 | ||
| 037 | _bCen Lib/Ret | ||
| 040 |
_aDPL _bHN |
||
| 082 |
_a303.625 _bगौड़वी |
||
| 100 |
_aगौड़, वीरेंद्र कुमार _947235 |
||
| 245 |
_aविश्व में आतंकवाद / _cवीरेंद्र कुमार गौड़ |
||
| 246 |
_aVishv me aatankvaad / _bby Vreendra Kumar Gaud |
||
| 260 |
_aनयी दिल्ली _bसामायिक प्रकाशन _c2006 |
||
| 270 |
_bनयी दिल्ली _a3320-21, जटवाडा, नेताजी सुभाष मार्ग, दरियागंज _e110002 |
||
| 300 |
_a344पृ. _c20सेमी(सजिल्द ) |
||
| 650 |
_aआतंकवादी संगठन _x _z _981398 |
||
| 650 |
_aआतंकवाद--सुरक्षा--बचाव _981399 |
||
| 650 |
_aTerrorist organization _981400 |
||
| 650 |
_aTerrorism - Security and prevention _981401 |
||
| 942 |
_2ddc _cHN _h303.625 _mगौड़वी |
||
| 999 |
_c118673 _d118673 |
||